[Event "Aragon-chT Preferente Gr I"]
[Site "Aragon"]
[Date "2023.01.28"]
[Round "1.39"]
[White "Alvarez Gonzalo, Miguel Angel"]
[Black "Martinez Blanco, Ruben"]
[Result "0-1"]
[WhiteElo "1767"]
[BlackElo "1317"]
[PlyCount "90"]
[EventDate "2023.01.28"]
[EventType "team-tourn"]
[EventRounds "9"]
[EventCountry "ESP"]
[SourceTitle "EXT 2024"]
[Source "ChessBase"]
[SourceDate "2023.10.10"]
[SourceVersion "1"]
[SourceVersionDate "2023.10.10"]
[SourceQuality "1"]
[WhiteTeam "Casablanca MyInvestor II"]
[BlackTeam "Delicias II"]
[WhiteTeamCountry "ESP"]
[BlackTeamCountry "ESP"]

1. c4 c5 2. g3 Nc6 3. Bg2 g6 4. Nc3 Bg7 5. d3 e5 6. e4 h6 7. Nge2 Nge7 8. 0-0 0-0 9. a3 d6 10. Rb1 a5 11. Nd5 Bg4 12. f3 Be6 13. Be3 a4 14. Nec3 Qa5 15. Bd2 Bxd5 16. Nxd5 Qd8 17. Nc3 Qa5 18. Nb5 Qd8 19. f4 f5 20. Qc1 Kh7 21. Qd1 Qd7 22. Nc3 Nd4 23. Be3 Nb3 24. Nd5 Nxd5 25. cxd5 b5 26. Bh3 Rf6 27. g4 fxe4 28. dxe4 exf4 29. Rf3 g5 30. Bd2 Re8 31. Bc3 Rff8 32. Qd3 Kh8 33. Re1 Bxc3 34. bxc3 Re5 35. Qd1 Rfe8 36. Rd3 Rxe4 37. Rxe4 Rxe4 38. Bg2 Re5 39. Rh3 Qe7 40. Kf2 Kg7 41. Bf1 c4 42. Be2 Re3 43. Rxe3 Qxe3+ 44. Kg2 Qc1 45. Kf3 Qxc3+ 0-1

[Event "Aragon-chT Preferente Gr I"]
[Site "Aragon"]
[Date "2022.03.19"]
[Round "8.51"]
[White "Galvez Longas, Isaac"]
[Black "Martinez Blanco, Ruben"]
[Result "1/2-1/2"]
[WhiteElo "1702"]
[BlackElo "1051"]
[PlyCount "79"]
[EventDate "2022.01.29"]
[EventType "team-tourn"]
[EventRounds "9"]
[EventCountry "ESP"]
[SourceTitle "EXT 2024"]
[Source "ChessBase"]
[SourceDate "2023.10.10"]
[SourceVersion "1"]
[SourceVersionDate "2023.10.10"]
[SourceQuality "1"]
[WhiteTeam "Ejea"]
[BlackTeam "Delicias II"]
[WhiteTeamCountry "ESP"]
[BlackTeamCountry "ESP"]

1. d4 Nf6 2. Bf4 g6 3. e3 Bg7 4. Nf3 d6 5. h3 0-0 6. Be2 b6 7. c4 Bb7 8. Nc3 Nbd7 9. 0-0 Qe8 10. Bh2 e5 11. Re1 a6 12. a4 Qe7 13. Qb3 Rfe8 14. dxe5 dxe5 15. a5 Rab8 16. axb6 Bxf3 17. Bxf3 Rxb6 18. Qc2 e4 19. Be2 Nc5 20. Ra2 Reb8 21. Rb1 R8b7 22. Bf4 Nfd7 23. Nd5 Qd8 24. Nxb6 Rxb6 25. b4 Qb8 26. Bxc7 Qxc7 27. bxc5 Nxc5 28. Rd1 Be5 29. f4 Bf6 30. Qd2 Rb3 31. Qd6 Qxd6 32. Rxd6 Be7 33. Rc6 Rxe3 34. Kf2 Rb3 35. g3 h5 36. Ra5 Ne6 37. Rd5 a5 38. Rb5 Rc3 39. Rxe6 fxe6 40. Rxa5 1/2-1/2

[Event "Aragon-chT Preferente Gr I"]
[Site "Aragon"]
[Date "2022.01.29"]
[Round "1.46"]
[White "Arpa Pardo, Emilio"]
[Black "Martinez Blanco, Ruben"]
[Result "0-1"]
[WhiteElo "1877"]
[BlackElo "1051"]
[PlyCount "82"]
[EventDate "2022.01.29"]
[EventType "team-tourn"]
[EventRounds "9"]
[EventCountry "ESP"]
[SourceTitle "EXT 2024"]
[Source "ChessBase"]
[SourceDate "2023.10.10"]
[SourceVersion "1"]
[SourceVersionDate "2023.10.10"]
[SourceQuality "1"]
[WhiteTeam "Teruel"]
[BlackTeam "Delicias II"]
[WhiteTeamCountry "ESP"]
[BlackTeamCountry "ESP"]

1. Nf3 Nf6 2. c4 c5 3. Nc3 g6 4. d4 Bg7 5. e4 0-0 6. e5 Ne8 7. d5 d6 8. Bf4 Nd7 9. e6 fxe6 10. dxe6 Rxf4 11. exd7 Bxd7 12. Bd3 Nc7 13. h4 Bg4 14. Qd2 Qf8 15. Ne2 Rf7 16. Ng3 Bxf3 17. gxf3 Rxf3 18. Be4 Rf7 19. h5 Bd4 20. Rh2 Qg7 21. hxg6 hxg6 22. 0-0-0 Raf8 23. Rdh1 Rxf2 24. Qg5 Be3+ 25. Qxe3 Qxb2+ 26. Kd1 Rxh2 27. Rxh2 Qxh2 28. Qg5 Qg1+ 29. Kc2 Qf2+ 30. Kb3 Qf6 31. Qh6 Rf7 32. Ne2 Rh7 33. Qd2 Rh3+ 34. Ka4 Qf7 35. Bd3 Qe8+ 36. Kb3 b5 37. cxb5 c4+ 38. Kxc4 Qxb5+ 39. Kc3 Qa5+ 40. Kc2 Qxa2+ 41. Kc3 Nd5+ 0-1

[Event "Aragon-chT Preferente"]
[Site "Aragon"]
[Date "2021.03.27"]
[Round "3.40"]
[White "Martinez Blanco, Ruben"]
[Black "Munoz Valles, Jorge"]
[Result "0-1"]
[WhiteElo "1065"]
[BlackElo "1668"]
[PlyCount "82"]
[EventDate "2021.03.13"]
[EventType "team-tourn"]
[EventRounds "9"]
[EventCountry "ESP"]
[SourceTitle "EXT 2024"]
[Source "ChessBase"]
[SourceDate "2023.10.10"]
[SourceVersion "1"]
[SourceVersionDate "2023.10.10"]
[SourceQuality "1"]
[WhiteTeam "Delicias II"]
[BlackTeam "El Olivar II"]
[WhiteTeamCountry "ESP"]
[BlackTeamCountry "ESP"]

1. d4 Nf6 2. c4 g6 3. Nf3 Bg7 4. Nc3 0-0 5. g3 d6 6. Bg2 Nbd7 7. 0-0 c5 8. d5 a6 9. Qc2 Rb8 10. a4 Nb6 11. Nd2 Bd7 12. a5 Na8 13. b3 Qc8 14. Re1 Bh3 15. Bh1 h5 16. Nf3 Bf5 17. e4 Nxe4 18. Nxe4 Bxa1 19. Bh6 Bg7 20. Bxg7 Kxg7 21. Qc3+ Kg8 22. Neg5 Qd7 23. Nh4 e5 24. dxe6 Bxe6 25. Ne4 Qd8 26. Nf6+ Kg7 27. Ng4+ Kh7 28. Nf6+ Kh6 29. Qe3+ Kg7 30. Ne4 Nc7 31. Qc3+ f6 32. Ng5 Re8 33. Qd3 f5 34. Rxe6 Nxe6 35. Nxe6+ Rxe6 36. Qc3+ Qf6 37. Qxf6+ Kxf6 38. Nf3 b5 39. cxb5 Rxb5 40. Nd2 Re1+ 41. Kg2 Rxa5 0-1